000 00755nam a22002177a 4500
001 44945
003 BD-RjUL
005 20211209053936.0
008 160721s1978 bg ||||| |||| 00| 0 ben d
035 _a(BD-RjUL)45063
040 _aBD-RjUL
_bben
_cBD-RjUL
041 _aben
082 _223
_a027.009
_bHUG 1978
100 _aহক, শামসুল
_9224759
245 _aগ্রন্থাগারের ইতিহাস :
_bমধ্যযুগ /
_cশামসুল হক
260 _aঢাকা :
_bমুক্তধারা,
_c১৯৭৮.
300 _a২০৫ পৃ. ;
_c২২ সেমি.
650 _aগ্রন্থাগার
_9137751
_vইতিহাস
650 _aLibraries
_vHistory
_9224760
942 _2ddc
_cBK
999 _c44945
_d44945